Environmental Economics: Theory, Management and Policy (Record no. 11850)
[ view plain ]
| 000 -LEADER | |
|---|---|
| fixed length control field | 00507nam a22001937a 4500 |
| 003 - CONTROL NUMBER IDENTIFIER | |
| control field | OSt |
| 008 - FIXED-LENGTH DATA ELEMENTS--GENERAL INFORMATION | |
| fixed length control field | 230302b ||||| |||| 00| 0 eng d |
| 020 ## - INTERNATIONAL STANDARD BOOK NUMBER | |
| International Standard Book Number | 9788182811140 |
| 082 ## - DEWEY DECIMAL CLASSIFICATION NUMBER | |
| Classification number | 333.7 JHE |
| 100 ## - MAIN ENTRY--PERSONAL NAME | |
| Personal name | JHINGAN, M.L. |
| 245 ## - TITLE STATEMENT | |
| Title | Environmental Economics: Theory, Management and Policy |
| 250 ## - EDITION STATEMENT | |
| Edition statement | 2nd ed. |
| 260 ## - PUBLICATION, DISTRIBUTION, ETC. (IMPRINT) | |
| Place of publication, distribution, etc | Delhi |
| Name of publisher, distributor, etc | Vrinda Publications Pvt. Ltd. |
| Date of publication, distribution, etc | 2022 |
| 300 ## - PHYSICAL DESCRIPTION | |
| Extent | 603 p. |
| 650 ## - SUBJECT ADDED ENTRY--TOPICAL TERM | |
| Topical term or geographic name as entry element | B.A. Economics |
| 700 ## - ADDED ENTRY--PERSONAL NAME | |
| Personal name | JHINGAN, B.K. |
| 700 ## - ADDED ENTRY--PERSONAL NAME | |
| Personal name | SHARMA, Chandar K. |
| 942 ## - ADDED ENTRY ELEMENTS (KOHA) | |
| Source of classification or shelving scheme | Dewey Decimal Classification |
| Koha item type | Text Books |
| Withdrawn status | Lost status | Source of classification or shelving scheme | Damaged status | Not for loan | Collection code | Home library | Current library | Date acquired | Source of acquisition | Currency | Cost, normal purchase price | Bill Number | Total Checkouts | Full call number | Acc. no. / Barcode | Date last seen | Actual Cost, discounted price | Bill Date | Koha item type | Date last borrowed |
|---|---|---|---|---|---|---|---|---|---|---|---|---|---|---|---|---|---|---|---|---|
| Dewey Decimal Classification | B.A Economics | PIET NCR College Library | PIET NCR College Library | 16/02/2023 | International Book Centre | In Rupees | 440.00 | IB/IN/1152 | 333.7 JHE | N3372 | 02/03/2023 | 343.20 | 16/02/2023 | Reference Books | ||||||
| Dewey Decimal Classification | B.A Economics | PIET NCR College Library | PIET NCR College Library | 16/02/2023 | International Book Centre | In Rupees | 440.00 | IB/IN/1152 | 2 | 333.7 JHE | N3373 | 30/09/2024 | 343.20 | 16/02/2023 | Text Books | 10/09/2024 | ||||
| Dewey Decimal Classification | B.A Economics | PIET NCR College Library | PIET NCR College Library | 16/02/2023 | International Book Centre | In Rupees | 440.00 | IB/IN/1152 | 3 | 333.7 JHE | N3374 | 19/12/2023 | 343.20 | 16/02/2023 | Text Books | 04/12/2023 | ||||
| Dewey Decimal Classification | B.A Economics | PIET NCR College Library | PIET NCR College Library | 16/02/2023 | International Book Centre | In Rupees | 440.00 | IB/IN/1152 | 3 | 333.7 JHE | N3375 | 24/09/2024 | 343.20 | 16/02/2023 | Text Books | 10/09/2024 | ||||
| Dewey Decimal Classification | B.A Economics | PIET NCR College Library | PIET NCR College Library | 16/02/2023 | International Book Centre | In Rupees | 440.00 | IB/IN/1152 | 3 | 333.7 JHE | N3376 | 23/09/2024 | 343.20 | 16/02/2023 | Text Books | 10/09/2024 |